000 00375 a2200169 4500
001 69476
020 _a8508081715
040 _cAnchieta - Itaigara
100 _aDupré, Maria José
240 1 0 _aO cachorrinho Samba
_lpor
245 1 0 _aO cachorrinho Samba
300 _a128
362 0 _a2005
440 1 _aÁtica
650 4 _aLiteratura infanto-juvenil
942 _cBK
999 _c69476
_d69476